01359nam a22002894a 4500001001200000003000800012006001900020007001500039008004100054010001700095020001500112040002100127035002100148050002400169082001800193245031300211246004200524260005400566300002400620504005400644533015200698650002400850650002300874655002900897710001700926856012600943ebr10051633CaPaEBRm u cr cn|||||||||000606s2000 dcua sb 000 0 eng  z 00055005  z0309070260 aCaPaEBRcCaPaEBR a(OCoLC)56808569914aRC967b.S215 2000eb04a616.9/80322100aSafe work in the 21st centuryh[electronic resource] :beducation and training needs for the next decade's occupational safety and health personnel /cCommittee to Assess Training Needs for Occupational Safety and Health Personnel in the United States, Board on Health Sciences Policy, Institute of Medicine.3 aSafe work in the twenty-first century aWashington, DC :bNational Academy Press,cc2000. axxi, 242 p. :bill. aIncludes bibliographical references (p. 213-223). aElectronic reproduction.bPalo Alto, Calif. :cebrary,d2013.nAvailable via World Wide Web.nAccess may be limited to ebrary affiliated libraries. 0aIndustrial hygiene. 0aIndustrial safety. 7aElectronic books.2local2 aebrary, Inc.40uhttp://site.ebrary.com/lib/rucke/Doc?id=10051633zAn electronic book accessible through the World Wide Web; click to view